000 00974nam a22002657i 4500
003 DO-SdBNP
005 20250204090026.0
007 ta
008 240402b1997 dr ||||| |||| 00| 0 spa d
040 _aDO-SdBNP
_bspa
_cBNPHU
_erda
082 4 _222
_axxx
_bR173c
100 1 _aRamírez, Vladimir A.,
_eautor
_4aut.
_985102
245 1 3 _a El carisma y el caos :
_bsocioanálisis del caso Cuba /
_cVladimir A. Ramírez ; edición, Juvenal Martínez.
250 _aPriemera edición
264 1 _aSanto Domingo, República Dominicana
_bCibe Editorial,
_c1997.
300 _aviii, 407 páginas ;
_c23 cm.
336 _atexto
_btxt
_2rdacontent
337 _asin mediación
_bn
_2rdamedia
338 _avolumen
_bnc
_2rdacarrier
500 _aIncluye bibliografía al final de los capítulos.
500 _aIncluye datos biográficos de la autora en las solapas
590 _aInventariado, 2024 /LP
700 1 _aMartínez, Juvenal,
_eeditor
_4ed.
_985103
942 _2ddc
_cLBS1
999 _c56215
_d56215